|
|
|
|
| LEADER |
00000naa2a2200000 4500 |
| 001 |
398807 |
| 005 |
20231101065124.0 |
| 035 |
|
|
|a (RuTPU)RU\TPU\prd\39415
|
| 090 |
|
|
|a 398807
|
| 100 |
|
|
|a 20051103a2005 k y0rusy50 ca
|
| 101 |
0 |
|
|a rus
|
| 102 |
|
|
|a RU
|
| 200 |
1 |
|
|a Минимизация размеров заусенцев при сверлении с помощью нанесения антифрикционного покрытия на инструмент
|f С. Н. Григорьев, Н. Ю. Черкасова
|
| 320 |
|
|
|a Библиогр.: 7 назв.
|
| 461 |
|
0 |
|0 (RuTPU)RU\TPU\prd\1723
|x 0203-347X
|t Справочник. Инженерный журнал
|o научно-технический и производственный журнал
|d 2000-
|
| 463 |
|
0 |
|0 (RuTPU)RU\TPU\prd\39053
|t № 8
|v С. 37-41
|d 2005
|
| 610 |
1 |
|
|a заусенцеобразование
|
| 610 |
1 |
|
|a сверление
|
| 610 |
1 |
|
|a минимизация размеров
|
| 610 |
1 |
|
|a инструмент
|
| 610 |
1 |
|
|a антифрикционные покрытия
|
| 610 |
1 |
|
|a алмазоподобные покрытия
|
| 610 |
1 |
|
|a тепловые потоки
|
| 610 |
1 |
|
|a трение
|
| 610 |
1 |
|
|a металлообработка
|
| 700 |
|
1 |
|a Григорьев
|b С. Н.
|
| 701 |
|
1 |
|a Черкасова
|b Н. Ю.
|
| 801 |
|
1 |
|a RU
|b 63413507
|c 20051103
|g PSBO
|
| 801 |
|
2 |
|a RU
|b 63413507
|c 20140117
|g RCR
|
| 942 |
|
|
|c BK
|